Normal view
MARC view
- Bruckner, Reinhard,
Entry Personal Name
001 - CONTROL NUMBER
- control field: 238893
003 - CONTROL NUMBER IDENTIFIER
- control field: KE-NaSUL
005 - DATE AND TIME OF LATEST TRANSACTION
- control field: 20250827002135.0
008 - FIXED-LENGTH DATA ELEMENTS
- fixed length control field: 250827|| aca||aabn | a|a d
040 ## - CATALOGING SOURCE
- Original cataloging agency: KE-NaSUL
- Transcribing agency: KE-NaSUL
100 ## - HEADING--PERSONAL NAME
- Personal name: Bruckner, Reinhard,
- Dates associated with a name: 1955-
670 ## - SOURCE DATA FOUND
- Source citation: Work cat.: (KE-NaSUL)240127: Bruckner, Reinhard, 1955-, Advanced organic chemistry, c2002.